000 00689nam a2200253Ia 4500
003 OSt
005 20221005100122.0
006 a|||||r|||| 00| 0
007 ta
008 221004b |||||||| |||| 00| 0 tel d
024 _a39994
037 _cTextual
040 _aCRL
_cCRL
_btel
041 _2tel
_atel
082 _aO15,3E20x, 155J7.1-.3
100 _aBapat V.S.
_9620755
245 0 _aKatha sarit sagar
260 _apune
_bvarda senapati India
_c1957
300 _a368p.
_ccm.
650 _a SANSKRIT LITERATURE
650 _aMARATHI LITERATURE
_938000
942 _hO15,3E20x, 155J7.1-.3
_cTEXL
_2cc
999 _c1004721
_d1004721